1434 1295 1676 1096 1874 1869 1867 1682 1623 1048 1374 1421 1642 1976 1698 1934 1748 1017 1208 1792 1597 1848 1831 1910 1830 1840 1019 1942 1806 1373 1319 1635 1535 1491 1767 1825 1943 1826 1202 1228 1694 1235 1329 1375 1093 1637 1054 1480 1925 1331 1254 1053 1828 1972 1615 1061 1268 1022 1474 1732 1146 1981 1641 1789 1432 1255 1276 1884 1189 1134 1054 1113 1493 1920 1534 1535 1019 1881 1975 1225 1790 1093 1791 1170 1833 1784 1500 1209 1033 1961 1779 1247 1009 1459 1797 1391 1166 1653 1462 BCNSPRNW ULIB Ver.6.0+V

เปลี่ยนเป็นภาษาไทย

Change to English
 แสดงรายละเอียดบรรณานุกรม
  กลับหน้าหลัก

Brief Record : Get Marc (ISO 2709) : E-mail record : QR code < ปิดหน้าต่าง
LEADER : 00000nam 2200000uu 4500
001    13399121386
003     ULIB
008    121116s2551||||th 000 0 tha d
020    ^a9789742127718
050 04 ^aQA76.76^bส786ม
100 0  ^aสุธีร์ นวกุล
245 10 ^aมือใหม่ขอเป็นเซียน Windows Vista /^cสุธีร์ นวกุล
260    ^aกรุงเทพฯ :^bซีเอ็ดยูเคชั่น,^c2551
300    ^a622 หน้า :^bภาพประกอบ
650  7 ^aไมโครซอฟต์วินโดวส์วิสต้า
650  7 ^aระบบปฏิบัติการ (คอมพิวเตอร์)
945    ^p225^l0^i16673
995    ^aวิภา
999 ^a ศิริพร
รายการนี้ยังไม่มีแท็ก
คุณยังไม่ได้ล็อกอิน คุณสามารถมีกิจกรรมร่วมกับเว็บไซต์ได้ แต่ต้องล็อกอินก่อน ::
  ล็อกอิน

รายการสื่อสารสนเทศ

ลำดับที่ ประเภท เลขเรียก/บาร์โค้ด สถานที่ สถานะ
1. วิทยาศาสตร์การแพทย์ และสุขภาพ
วิทยาศาสตร์การแพทย์ และสุขภาพ
QA76.76 ส786ม  
  Barcode: 16673
ห้องสมุดวิทยาเขตสวรรค์ประชารักษ์
►หนังสือทั่วไป
บนชั้น

รายการใกล้เคียง
    ผู้แต่ง [สุธีร์ นวกุล]

    หัวเรื่อง [ไมโครซอฟต์วินโดวส์วิสต้า]
    หัวเรื่อง [ระบบปฏิบัติการ (คอมพิวเตอร์)]

BibComment


ยังไม่เคยถูกคอมเมนท์

คอมเมนท์ทรัพยากรรายการนี้
  คอมเมนท์: มือใหม่ขอเป็นเซี..


 Copyright 2026. Bcnsprnw @Library